Синтез новых производных инденохиноксалина и триптантрина в качестве биологически активных соединений: автореферат диссертации на соискание ученой степени кандидата химических наук; спец. 1.4.3

Bibliographic Details
Main Author: Коврижина А. Р. Анастасия Руслановна
Corporate Author: Национальный исследовательский Томский политехнический университет Инженерная школа новых производственных технологий Научно-образовательный центр Н. М. Кижнера
Other Authors: Хлебников А. И. Андрей Иванович (научный руководитель)
Summary:Заглавие с титульного экрана
Электронная версия печатной публикации
Защита сост. 23.06.2023
Language:Russian
Published: Томск, 2023
Subjects:
Online Access:http://earchive.tpu.ru/handle/11683/74983
Format: Electronic Book
KOHA link:https://koha.lib.tpu.ru/cgi-bin/koha/opac-detail.pl?biblionumber=377950

MARC

LEADER 00000nlm0a2200000 4500
001 377950
005 20231218094749.0
035 |a (RuTPU)RU\TPU\retro\35405 
035 |a RU\TPU\retro\35398 
090 |a 377950 
100 |a 20230425d2023 k y0rusy50 ca 
101 0 |a rus 
102 |a RU 
105 |a a dm 000zy 
135 |a drcn ---uucaa 
181 0 |a i  
182 0 |a b 
200 1 |a Синтез новых производных инденохиноксалина и триптантрина в качестве биологически активных соединений  |e автореферат диссертации на соискание ученой степени кандидата химических наук  |e спец. 1.4.3  |f А. Р. Коврижина  |g Национальный исследовательский Томский политехнический университет ; науч. рук. А. И. Хлебников 
203 |a Текст  |c электронный 
210 |a Томск  |d 2023 
215 |a 1 файл (1 348 КБ) 
300 |a Заглавие с титульного экрана 
300 |a Электронная версия печатной публикации 
300 |a Защита сост. 23.06.2023 
338 |b Российский научный фонд  |d 17-15-01111 
606 1 |a Пиридиновые соединения  |x Химия  |2 stltpush  |3 (RuTPU)RU\TPU\subj\77622  |9 87749 
610 1 |a электронный ресурс 
610 1 |a авторефераты диссертаций 
610 1 |a труды учёных ТПУ 
610 1 |a синтез 
610 1 |a инденохиноксалин 
610 1 |a триптантрин 
610 1 |a биологически активные соединения 
610 1 |a азотсодержащие гетероциклы 
610 1 |a физико-химические свойства 
610 1 |a синтезированные соединения 
610 1 |a флуоресценция 
610 1 |a растворимость 
610 1 |a биодоступность 
610 1 |a фотофизические свойства 
675 |a 547.82(04)  |v 4 
686 |a 02.00.03  |2 oksvnk 
700 1 |a Коврижина  |b А. Р.  |c специалист в области биотехнологий  |c инженер-исследователь Томского политехнического университета  |f 1995-  |g Анастасия Руслановна  |3 (RuTPU)RU\TPU\pers\46607 
702 1 |a Хлебников  |b А. И.  |c химик  |c профессор Томского политехнического университета  |f 1963-  |g Андрей Иванович  |3 (RuTPU)RU\TPU\pers\33924  |4 727  |9 17497 
712 0 2 |a Национальный исследовательский Томский политехнический университет  |b Инженерная школа новых производственных технологий  |b Научно-образовательный центр Н. М. Кижнера  |3 (RuTPU)RU\TPU\col\23556 
801 2 |a RU  |b 63413507  |c 20230502  |g RCR 
856 4 |u http://earchive.tpu.ru/handle/11683/74983 
942 |c CF